000 01016nac a22003137a 4500
001 BR9603952
003 BR-BrBNA
005 20240105121800.0
008 230509b bl.|||m| |||| 00| 0 por d
040 _aBR-BrBNA
_bpor
_cBiblioteca Nacional de Agricultura
072 _aP33; U10
090 _aP33 BR9603952
100 1 _aBrito, L.T. de L.
100 1 _aLoureiro, B.T.
100 1 _aRamos, M.M.
100 1 _aDeniculi, W.
110 1 _aAssociacao dos Engenheiros Agricolas de Minas Gerais, Vicosa (Brasil)
_9584
245 1 _aVelocidades de infiltracao determinadas por infiltrometros de aspersao e de anel, com e sem cobertura morta
260 3 _aVicosa, MG (Brasil):
_c1993.
300 _a8 p.
490 _aEngenharia na Agricultura. Serie Irrigacao e Drenagem (Brazil)
_vv. 2(23)
_x
500 _aSummaries (En, Pt)
650 _aSolo
650 _aAgua
650 _aInfiltracao
650 _aModelo Matematico
909 _a202312
_bLúcia Elande
_c55
_dLúcia Elande
942 _2AGRIS
_n0
_cMS
999 _c287413
_d287413